000 00739cam a2200229 a 4500
001 000019128
005 20260513160823.0
008 930922s1993 ck a 000 j spa d
040 _aDO-SdBNP
_bspa
_cDLC
_dBNPHU
082 _aCo863.44
_bD945r
100 1 _aDupuy, Carlos
_941151
245 1 0 _aRecuento de imágenes /
_cCarlos Dupuy.
260 _aSantafé de Bogotá, Colombia :
_bInstituto Caro y Cuervo,
_c1993.
300 _a86 p. :
_bil. ;
_c20 cm.
490 1 _aLa Granada entreabierta
_v64
650 4 _aCuentos colombianos
_921475
650 0 _aHistorias de aventuras
_922460
650 4 _aLiteratura colombiana
_91244
830 0 _aLa Granada entreabierta ;
_v64
_98104
910 _aCatalogación derivada / LC
049 _aBNGR
999 _c18646
_d18646